00000000nas 2200000za 4500
0019.850987
003CaOODSP
00520221107154304
007cr |||||||||||
008180130d19701980oncar p oss  f0###b0fre|d
040 |aCaOODSP|bfre
041 |aeng|afre
043 |an-cn---
0861 |aCS34-202-PDF
24500|aCanvas products and cotton and jute bags industries |h[ressource électronique] = |bIndustrie des articles en grosse toile et des sacs de coton et de jute.
24611|aIndustrie des articles en grosse toile et des sacs de coton et de jute
260 |aOttawa : |bStatistics Canada, Manufacturing and Primary Industries Division,|c1972-1982.
310 |aAnnuel
3621 |aParaît depuis 1970 ; ne paraît plus après 1980.
4900 |aAnnual census of manufactures = Recensement annuel des manufactures
500 |aÉdition numérisée de l'imprimé [par Statistique Canada].
546 |aTexte en anglais et en français.
550 |aPubl. 1979-1980 par la Section des aliments, des boissons, des textiles et des industries diverses.
580 |aFusion de: Canvas products industry; et de The cotton and jute bag industry.
580 |aFusionné avec: Cordage and twine industry; Miscellaneous textile industries; et, Felt and fibre processing mills, et devient: Textile products industries.
69207|2gccst|aIndustrie textile
7102 |aCanada. |bStatistique Canada. |bSection des aliments, des boissons, des textiles et des industries diverses.
7101 |aCanada. |bStatistics Canada. |bManufacturing and Primary Industries Division.
78000|tCanvas products industry |w(CaOODSP)9.850983
78500|tTextile products industries |w(CaOODSP)9.852995
791 |tCanvas products and cotton and jute bags industries |eeng|w(CaOODSP)9.850986